| 000 | 01081nas a2200337 4500 | ||
|---|---|---|---|
| 001 | BR0601428 | ||
| 003 | BR-BrBNA | ||
| 005 | 20231205105925.0 | ||
| 007 | ta | ||
| 008 | 230509b bl.|||p| |||| 00| 00por d | ||
| 040 |
_aBR-BrBNA _bpor _cBiblioteca Nacional de Agricultura |
||
| 041 | _a(Pt) | ||
| 072 | _aL02; L51 | ||
| 100 | 1 | _aDetmann, E. | |
| 100 | 1 | _aPaulino, M.F. | |
| 100 | 1 | _aCabral, L. da S. | |
| 100 | 1 | _aValadares Filho, S. de C. | |
| 100 | 1 | _aCecon, P.R. | |
| 100 | 1 | _aZervoudakis, J.T. | |
| 100 | 1 | _aLana, R. de P. | |
| 100 | 1 | _aLeão, M.I. | |
| 100 | 1 | _aMelo, A.J.N. | |
| 245 | 1 | _aSimulação e validação de parâmetros da cinética digestiva em novilhos mestiços suplementados a pasto, por intermédio do sistema in vitro de produção de gases | |
| 650 | _aGADO DE CORTE | ||
| 650 | _aPASTAGEM | ||
| 650 | _aCAPIM BRACHIARIA | ||
| 650 | _aGÁS | ||
| 773 | 0 |
_tRevista Brasileira de Zootecnia (Brazil) _xISSN 1516-3598 _g(Nov-Dec 2005), v. 34(6) p. 2112-2122 _wBR0601428 |
|
| 909 |
_a202311 _bLúcia _c55 _dLúcia Elande |
||
| 942 |
_2AGRIS _n0 _cANA |
||
| 999 |
_c185381 _d185381 |
||